000 00204nam a22000977a 4500
082 _a900/GAN
100 _aGandhi M.K
_965684
245 _aMy Experiments With Truth
650 _aAutobiography
942 _cBK
999 _c67670
_d67670